Directeurs de Poudlard - Statistiques

Statistiques générales
  • Ce quiz a été pris 36 fois
  • Le résultat moyen est 8 sur 21
Statistiques - réponses
Début Fin Directeur % Correct
18 aprés 1955 1996 Albus Dumbledore
100%
21 1997 1998 Severus Rogue
97%
22 1998 après 2020 Minerva McGonagall
91%
19 1996 Dolores Ombrage
88%
1 après 900 avant 1000 Godric Gryffondor
58%
3 Helga Poufsouffle
58%
16 après 1847 avant 1925 Phineas Black
58%
2 Rowena Serdaigle
58%
4 Salazar Serpentard
58%
17 après 1925 avant 1971 Armando Dippet
55%
6 avant 1600 Niamh Fitzgerald
6%
9 après 1700 avant 1800 Ambrose Swott
3%
12 avant 1900 Basile Fronsac
3%
15 ? ? Dexter Fortescue
3%
5 après 1400 avant 1500 Edessa Sakndenberg
3%
7 après 1600 avant 1700 Elizabeth Burke
3%
11 après 1800 avant 1850 Eupraxia Mole
3%
14 avant 1995 Everard
3%
13 après 1900 avant 1943 Heliotrope Wilkins
3%
8 Vindictus Viridian
3%
10 1741 1768 Dilys Berwent
0%
Aucun quiz correspondant
Distribution des résultats
% des personnes avec chaque résultat
Percentile par nombre de réponses
Votre historique - résultats
Vous n’avez pas pris ce quiz